[Event "Moron Mayor Cup Challengers 1819"]
[Site "Moron"]
[Date "2019.??.??"]
[Round "2.15"]
[White "Zapata, Elias Jesus"]
[Black "Conti, Claudio"]
[Result "1-0"]
[WhiteElo "1682"]
[BlackElo "1792"]
[PlyCount "99"]
[EventDate "2019.04.01"]
[EventType "tourn"]
[EventRounds "7"]
[EventCountry "ARG"]
[SourceTitle "EXT 2024"]
[Source "ChessBase"]
[SourceDate "2023.10.10"]
[SourceVersion "1"]
[SourceVersionDate "2023.10.10"]
[SourceQuality "1"]

1. d4 Nf6 2. c4 e5 3. dxe5 Ng4 4. Bf4 Nc6 5. Nf3 Bb4+ 6. Nbd2 Qe7 7. a3 Ngxe5 8. Nxe5 Nxe5 9. e3 Bxd2+ 10. Qxd2 d6 11. Be2 0-0 12. 0-0 Bf5 13. Bg3 Rad8 14. Qd4 b6 15. Bh4 f6 16. e4 Bg6 17. f3 Qe6 18. Rac1 Rd7 19. Qd5 Bf7 20. Qxe6 Bxe6 21. Rc3 f5 22. exf5 Bxf5 23. Re3 Nc6 24. Re1 Nd4 25. Bd1 Bc2 26. Kf2 Bxd1 27. Rxd1 Nf5 28. Re4 Nxh4 29. Rxh4 Re7 30. Rdd4 Rf5 31. Rhe4 Rfe5 32. Ke3 Kf7 33. Kf4 Kf6 34. g4 g5+ 35. Ke3 h5 36. h3 hxg4 37. hxg4 Rh7 38. Rd2 Rh1 39. Rxe5 Kxe5 40. Rd5+ Kf6 41. Rf5+ Kg6 42. Kd3 Rd1+ 43. Kc3 Re1 44. Kd3 Re5 45. Rxe5 dxe5 46. Ke4 Kf6 47. Kd5 c5 48. b3 a6 49. a4 a5 50. Kd6 1-0